Alaska Airlines Destinations from SMF (Sacramento) - Statistics

General Stats
  • This quiz has been taken 13 times
  • The average score is 8 of 9
Answer Stats
Hint Answer % Correct
Alaska (Seasonal) Anchorage
100%
Idaho Boise
100%
Oregon Portland
100%
California San Diego
100%
Washington Seattle/Tacoma
100%
Florida (Seasonal) Orlando
91%
Arizona (Seasonal) Tucson
91%
Mexico (Seasonal) San Jose del Cabo
73%
Mexico (Seasonal) Puerto Vallarta
55%
No matching quizzes found
Score Distribution
Percent of People with Each Score
Percentile by Number Answered
Your Score History
You have not taken this quiz